000 01596nam a2200253Ia 4500
003 Ost
005 20260507074911.0
008 260507s9999||||xx |||||||||||||| ||und||
020 _a9960246167
040 _cfsecg
041 _aara
082 _a657
100 _aشرويدر، ريتشارد
_eمؤلف
245 0 _aنظرية المحاسبة /
_c ريتشارد شرويدر
260 _aالرياض:
_bدار المريخ للنشر,
_c2010
300 _a695 صفحة؛
_bإيضاحات ؛
_c25 سم
504 _aكشاف مصطلحات ص.673
520 _aتطور نظرية المحاسبة، مسار إطار العمل المفاهيمي، المحاسبة الدولية، منهجية البحث ونظريات، استخدام المعلومات المحاسبية، مفاهيم الدخل، القوائم المالية وقائمة الدخل، الميزانية وقائمة التدفقات النقدية، رأس المال العامل، الأصول طويلة الأجل والعقارات الأصول طويلة الأجل، الأستثمارات والاصول غير الملموسة، المعالجة المحاسبية لضرائب الدخل، المعاشات والمنافع التقاعدية الأخرى، حقوق الملكية، المعالجة المحاسبية للوحدات المتعددة، التقرير المالي
653 _aالمحاسبة
653 _aالمحاسبة- نظريات
700 _aجاك كاثي
_eمؤلف ثانوي
700 _aكلاك، مارتل
_eمؤلف ثانوي
942 _cكتاب
999 _c41740
_d41740